• 首页
  • 本馆介绍
  • 公告通知
  • 最新文献
  • 馆藏检索
  • 电子资源
  • 读者导购
  • 参考咨询
  • 我的图书馆
  • 登录
  • 详细信息显示
  • 放入我的书架
  • 预约/预借图书
  • 作者相关作品
  • 分类相关作品
  • 丛书相关作品
  • 出版社相关作品

书目信息

  • 表格格式
  • 工作单格式
  • 卡片格式
书名: Complements
作者: [edited by] Anna Katsavos, Elizabeth Wheeler.
分册号:
分册名:
出版地: New York :
 
出版社: McGraw-Hill
出版时间: c1995.
页数: xx, 515 p. :
开本: 24 cm.
丛书名:
中图分类号:
科图分类号:
其他分类号: C913
主题词:
电子资源:
000 01116pam a2200313 a 450
001 E0738869082
005 20070427105106.87
008 940607s1995 nyua 001 0 eng
010    @a94021171
020    @a0070338728 (acid-free paper).
035    @A(DLC) 94021171
040    @aDLC@cDLC@dDLC
050 00 @aPE1127.S4@bC65 1995
082 00 @a428.6@2 20
090    @aC913
099    @dC913@ex70
245 00 @aComplements / @c[edited by] Anna Katsavos, Elizabeth Wheeler.
260    @aNew York :@bMcGraw-Hill,@cc1995.
300    @axx, 515 p. :@bill. ;@c24 cm.
500    @aIncludes index.
650  0 @aEnglish language@xRhetoric.
650  0 @aCollege readers.
650  0 @aSex role@xProblems, exercises, etc.
650  0 @aReaders@xSex role.
700 1  @aWheeler, Elizabeth Patricia.
700 1  @aKatsavos, Anna.
906    @a7@bcbc@corignew@d1@eocip@f19@gy-gencatlg
955    @apc17 to sa00 06-07-94; sf02 06-08-94; sf06 to HLCD 06-09-94; lh06 06-13-94 (PE1127.S4 C...); lh09 06-13-94; CIP ver. lh38 (lh08) to SL 11-07-94
991    @bc-GenColl@hPE1127.S4@iC65 1995@p00025666963@tCopy 1@wBOOKS
    
    Complements / / [edited by] Anna Katsavos, Elizabeth Wheeler.-New York : : McGraw-Hill, , c1995.
    xx, 515 p. : : ill. ; ; 24 cm.
    Includes index.
    
    ISBN 0070338728 (acid-free paper).
    
●
相关链接 在E读中查询图书 在五车中查询图书 在当当中查询图书 在豆瓣中查询图书


正题名:Complements     索取号:C913/x70         预约/预借

序号 登录号 条形码 馆藏地/架位号 状态 备注
1 4712   300047125   第二样本阅览室/ [索取号:C913/x70] 在馆    
2 4713   300047134   第四借阅区/ [索取号:C913/x70] 在馆    
3 4714   300047143   第四借阅区/ [索取号:C913/x70] 在馆    
唐山师范学院图书馆 欢迎您!
大连网信软件有限公司© 版权所有